000 00510nam a22001937a 4500
003 OSt
005 20140310182204.0
008 130903t xxu||||| |||| 00| 0 eng d
020 _a1852400773
050 _aBF 1
_b.H529 1973
082 _aHS 155.2
_bHEP 1992
100 _aHepden, Steve
_916369
245 _aExplaining rejection /
_cSteve Hepden.
260 _aNew York :
_bSovereign World,
_cc1973.
300 _a76 p. :
_c17 cm.
650 _aRejection.
_916370
942 _2lcc
_cHS
999 _c10282
_d10282